00527nam a2200145Ia 4500008004100000245015000041260001700191260000900208300000800217650002300225650001200248856002900260999001900289952007300308170516s9999 xx 000 0 und d aLabeling Human Mesenchymal Stem Cells with Gold Nanocages for in vitro and in vivo Tracking by Two-Photon Microscopy and Photoacoustic Microscopy bTheranostics c2013 a3:8 xMedical Technology xMedtech uhttp://www.thno.org/v3i8 c330416d330416 001040aCLbCLd2017-05-16l0r2017-05-16 00:00:00w2017-05-16yFOJ